[Event "AUT-chT2M 2324"]
[Site "Austria"]
[Date "2024.03.15"]
[Round "6.4"]
[White "Wagner, Stephan"]
[Black "Skuhala, Jernej"]
[Result "0-1"]
[WhiteElo "2260"]
[BlackElo "2342"]
[PlyCount "84"]
[EventDate "2023.11.03"]
[EventType "team-tourn"]
[EventRounds "11"]
[EventCountry "AUT"]
[SourceTitle "CB16_2024"]
[SourceDate "2024.04.17"]
[SourceVersion "1"]
[SourceVersionDate "2024.04.17"]
[SourceQuality "1"]
[WhiteTeam "Graz Styria"]
[BlackTeam "Frauental"]
[WhiteTeamCountry "AUT"]
[BlackTeamCountry "AUT"]

1. c4 Nf6 2. g3 e6 3. Bg2 d5 4. Nf3 d4 5. 0-0 c5 6. e3 Nc6 7. exd4 cxd4 8. d3 Bc5 9. Bg5 a5 10. Na3 h6 11. Bxf6 Qxf6 12. Nb5 0-0 13. Nd2 Qd8 14. Ne4 Be7 15. c5 Bd7 16. Rc1 Nb4 17. a4 Bxb5 18. axb5 f5 19. Nd6 Bxd6 20. cxd6 Rb8 21. Qb3 Qxd6 22. Rfe1 Rfe8 23. f4 Kf8 24. Re5 Rbc8 25. Rce1 Re7 26. Bf3 a4 27. Qa3 Kf7 28. Bd1 Rd8 29. Bxa4 Ra8 30. Ra1 b6 31. Qb3 g6 32. Rc1 Rea7 33. Ra1 Nd5 34. Ra3 Rc7 35. Qa2 Rc1+ 36. Kf2 Nb4 37. Qb3 Rac8 38. Re2 g5 39. fxg5 hxg5 40. Ra2 Nd5 41. Qa3 Ne3 42. Qxd6 Rf1# 0-1

[Event "Titled Tuesday intern op 29th Aug Early"]
[Site "Chess.com INT"]
[Date "2023.08.29"]
[Round "11"]
[White "Chigaev, Maksim"]
[Black "Skuhala, Jernej"]
[Result "1/2-1/2"]
[WhiteElo "2616"]
[BlackElo "2285"]
[PlyCount "138"]
[EventDate "2023.08.29"]
[EventType "swiss (blitz)"]
[EventRounds "11"]
[EventCountry "USA"]
[SourceTitle "EXT 2024"]
[Source "ChessBase"]
[SourceDate "2023.10.10"]
[SourceVersion "1"]
[SourceVersionDate "2023.10.10"]
[SourceQuality "1"]

1. e4 c6 2. Nf3 d5 3. d3 g6 4. e5 Bg7 5. d4 Bg4 6. Nbd2 e6 7. h3 Bxf3 8. Nxf3 Ne7 9. c3 Nd7 10. Bd3 c5 11. 0-0 Nc6 12. Be3 Qb6 13. Rb1 cxd4 14. cxd4 0-0 15. a3 Rac8 16. b4 Ne7 17. h4 Nf5 18. h5 Nxe3 19. fxe3 Bh6 20. Qd2 Qc6 21. g4 Qc3 22. Qe2 Rfd8 23. g5 Bg7 24. Nh4 Nxe5 25. dxe5 Qxe5 26. Nf3 Qg3+ 27. Qg2 Qxg2+ 28. Kxg2 Rc3 29. Rfd1 Rxa3 30. h6 Bc3 31. e4 d4 32. b5 Rc8 33. e5 Kf8 34. Kg3 Ke7 35. Kf4 Rc5 36. Ke4 Ba5 37. Ra1 Rcc3 38. Rxa3 Rxa3 39. Nxd4 Ra4 40. Rc1 Bb6 41. Rc4 Rxc4 42. Bxc4 Bxd4 43. Kxd4 b6 44. Bd3 Kf8 45. Be4 Ke7 46. Kc4 Kf8 47. Bc6 Ke7 48. Kd4 Kf8 49. Ke4 Ke7 50. Kd4 Kf8 51. Kc3 Ke7 52. Kb4 Kf8 53. Ka4 Ke7 54. Kb4 Kf8 55. Ka4 Ke7 56. Kb3 Kf8 57. Kc4 Ke7 58. Be4 Kf8 59. Bb7 Ke7 60. Kd4 Kf8 61. Ba6 Ke7 62. Ke4 Kd7 63. Kf4 Kc7 64. Ke3 Kd7 65. Kd4 Kc7 66. Ke4 Kb8 67. Kd4 Kc7 68. Ke4 Kb8 69. Kd4 Kc7 1/2-1/2

[Event "Titled Tuesday intern op 29th Aug Early"]
[Site "Chess.com INT"]
[Date "2023.08.29"]
[Round "4"]
[White "Novikov, Evgenij"]
[Black "Skuhala, Jernej"]
[Result "0-1"]
[WhiteElo "2276"]
[BlackElo "2285"]
[PlyCount "82"]
[EventDate "2023.08.29"]
[EventType "swiss (blitz)"]
[EventRounds "11"]
[EventCountry "USA"]
[SourceTitle "EXT 2024"]
[Source "ChessBase"]
[SourceDate "2023.10.10"]
[SourceVersion "1"]
[SourceVersionDate "2023.10.10"]
[SourceQuality "1"]

1. e4 c6 2. d4 d5 3. exd5 cxd5 4. c4 Nf6 5. Nc3 e6 6. Nf3 Bb4 7. Bd3 0-0 8. 0-0 dxc4 9. Bxc4 Nbd7 10. a3 Be7 11. Ba2 Nb6 12. Bf4 h6 13. Re1 Nbd5 14. Bg3 b6 15. Ne5 Bb7 16. Qe2 Rc8 17. Rac1 Nxc3 18. bxc3 Bxa3 19. Rc2 Bd5 20. c4 Be4 21. Rd2 Bb4 22. Bh4 Bxd2 23. Qxd2 Bf5 24. g4 Bg6 25. g5 Ne4 26. Rxe4 Bxe4 27. f3 Bf5 28. f4 h5 29. Bf2 Qd6 30. Qb2 Rfd8 31. Be3 a6 32. Qe2 g6 33. Kf2 Qa3 34. c5 bxc5 35. dxc5 Rxc5 36. Bxc5 Qxc5+ 37. Kg3 Qg1+ 38. Kh4 Rd1 39. Nxg6 Bxg6 40. Bxe6 Qe1+ 41. Qxe1 Rxe1 0-1

[Event "Titled Tuesday intern op 29th Aug Early"]
[Site "Chess.com INT"]
[Date "2023.08.29"]
[Round "5"]
[White "Skuhala, Jernej"]
[Black "Bryakin, Mikhail"]
[Result "0-1"]
[WhiteElo "2285"]
[BlackElo "2462"]
[PlyCount "86"]
[EventDate "2023.08.29"]
[EventType "swiss (blitz)"]
[EventRounds "11"]
[EventCountry "USA"]
[SourceTitle "EXT 2024"]
[Source "ChessBase"]
[SourceDate "2023.10.10"]
[SourceVersion "1"]
[SourceVersionDate "2023.10.10"]
[SourceQuality "1"]

1. e4 d5 2. exd5 Qxd5 3. Nc3 Qe5+ 4. Qe2 Qxe2+ 5. Ngxe2 Bf5 6. d3 c6 7. Bf4 Nd7 8. 0-0-0 e5 9. Bg3 0-0-0 10. h3 h5 11. f4 h4 12. Bh2 Bd6 13. Ne4 Bc7 14. Ng5 Nh6 15. fxe5 Bxe5 16. Bg1 Bf6 17. Nf3 a6 18. Ned4 Bg6 19. Nb3 Nf5 20. Bf2 Ng3 21. Bxg3 hxg3 22. d4 Nb6 23. Bd3 Bxd3 24. Rxd3 Nd5 25. c3 Nf4 26. Rd2 g5 27. Re1 Rde8 28. Rxe8+ Rxe8 29. Kc2 Re3 30. Ng1 Re1 31. Nf3 Rf1 32. Nc1 Nxh3 33. gxh3 Rxf3 34. Nd3 Be7 35. Ne5 Rf2 36. Kd3 Bd6 37. Rxf2 gxf2 38. Ke2 Bxe5 39. dxe5 Kd7 40. Kxf2 Ke6 41. Kf3 Kxe5 42. Kg4 f6 43. Kf3 f5 0-1

[Event "Titled Tuesday intern op 29th Aug Early"]
[Site "Chess.com INT"]
[Date "2023.08.29"]
[Round "9"]
[White "Skuhala, Jernej"]
[Black "Czerw, Dawid"]
[Result "1-0"]
[WhiteElo "2285"]
[BlackElo "2400"]
[PlyCount "73"]
[EventDate "2023.08.29"]
[EventType "swiss (blitz)"]
[EventRounds "11"]
[EventCountry "USA"]
[SourceTitle "EXT 2024"]
[Source "ChessBase"]
[SourceDate "2023.10.10"]
[SourceVersion "1"]
[SourceVersionDate "2023.10.10"]
[SourceQuality "1"]

1. e4 c5 2. Nf3 Nc6 3. Nc3 g6 4. d4 cxd4 5. Nxd4 Bg7 6. Be3 Nf6 7. Bc4 0-0 8. Bb3 Re8 9. f4 d6 10. h3 e6 11. Qd2 d5 12. e5 Nd7 13. 0-0-0 Nxd4 14. Bxd4 b6 15. Nb5 Nc5 16. Nd6 Re7 17. Kb1 a5 18. c3 Nb7 19. Nxc8 Rxc8 20. Qe3 Nc5 21. Bc2 Rec7 22. g4 b5 23. f5 b4 24. cxb4 axb4 25. h4 b3 26. Bxb3 Nxb3 27. axb3 Rb7 28. Rc1 Ra8 29. Rc3 Qa5 30. Kc2 Bf8 31. Bc5 Bxc5 32. Qxc5 Qa6 33. Re1 Rab8 34. f6 Rb5 35. Qc7 R5b7 36. Qc8+ Rxc8 37. Rxc8# 1-0

[Event "Titled Tuesday intern op 29th Aug Early"]
[Site "Chess.com INT"]
[Date "2023.08.29"]
[Round "6"]
[White "Skuhala, Jernej"]
[Black "Womacka, Mathias"]
[Result "1-0"]
[WhiteElo "2285"]
[BlackElo "2371"]
[PlyCount "153"]
[EventDate "2023.08.29"]
[EventType "swiss (blitz)"]
[EventRounds "11"]
[EventCountry "USA"]
[SourceTitle "EXT 2024"]
[Source "ChessBase"]
[SourceDate "2023.10.10"]
[SourceVersion "1"]
[SourceVersionDate "2023.10.10"]
[SourceQuality "1"]

1. e4 c5 2. Nf3 d6 3. Nc3 Nf6 4. d4 cxd4 5. Nxd4 a6 6. Be3 e5 7. Nb3 Be7 8. Be2 Be6 9. 0-0 0-0 10. Qd2 Nbd7 11. a4 Nb6 12. a5 Nc4 13. Bxc4 Bxc4 14. Rfd1 h6 15. f3 Rc8 16. Bb6 Qe8 17. Nc1 Nd7 18. Be3 f5 19. Nd3 fxe4 20. fxe4 Nf6 21. Nb4 Kh8 22. h3 Qg6 23. Re1 Be6 24. Kh1 Nxe4 25. Nxe4 Qxe4 26. Bxh6 Qg6 27. Be3 d5 28. Nd3 Bd6 29. Rf1 Qg3 30. Bf2 Qg6 31. Bg1 e4 32. Nf4 Bxf4 33. Rxf4 Rxf4 34. Qxf4 Rxc2 35. Bf2 d4 36. Qh4+ Kg8 37. Qd8+ Kh7 38. Qxd4 e3 39. Qxe3 Bd5 40. Rg1 Rxb2 41. Qf4 Rb3 42. Kh2 Be6 43. Bg3 Rc3 44. Qh4+ Qh6 45. Qe4+ Qg6 46. Qe5 Rc4 47. Re1 Bd7 48. Qe2 Ra4 49. Rd1 Bc6 50. Rd6 Qf5 51. Re6 Re4 52. Rxe4 Qxe4 53. Qxe4+ Bxe4 54. Bc7 Kg6 55. Bb6 Kf5 56. g4+ Ke6 57. Kg3 g6 58. Kf4 Bb1 59. Kg5 Kf7 60. h4 Ke6 61. Kh6 Kf7 62. g5 Bc2 63. Bc7 Bb1 64. Bb6 Bc2 65. h5 gxh5 66. Kxh5 Bb1 67. Kg4 Ke6 68. Kf4 Bg6 69. Ke3 Bh7 70. Kd4 Kd6 71. Bc5+ Ke6 72. Bf8 Kf5 73. Be7 Bg8 74. Kc5 Be6 75. Kd6 Bc4 76. Bd8 Bd3 77. Ke7 1-0

[Event "Titled Tuesday intern op 08th Aug Early"]
[Site "Chess.com INT"]
[Date "2023.08.08"]
[Round "1"]
[White "Osinovsky, Stepan"]
[Black "Skuhala, Jernej"]
[Result "0-1"]
[WhiteElo "2241"]
[BlackElo "2285"]
[PlyCount "68"]
[EventDate "2023.08.08"]
[EventType "swiss (blitz)"]
[EventRounds "11"]
[EventCountry "USA"]
[SourceTitle "EXT 2024"]
[Source "ChessBase"]
[SourceDate "2023.10.10"]
[SourceVersion "1"]
[SourceVersionDate "2023.10.10"]
[SourceQuality "1"]

1. e4 c6 2. d3 d5 3. Nd2 g6 4. g3 Bg7 5. Bg2 e6 6. Ngf3 Ne7 7. h4 Nd7 8. h5 b6 9. Qe2 Bb7 10. c3 Qc7 11. a4 0-0-0 12. a5 Kb8 13. Nb3 e5 14. Ng5 Rdf8 15. h6 Bf6 16. axb6 axb6 17. Qf3 Bxg5 18. Bxg5 f6 19. Be3 c5 20. Qe2 f5 21. Bg5 Nc8 22. exd5 Re8 23. c4 Nd6 24. Nd2 Rhf8 25. 0-0 Nf7 26. Qe3 Nxg5 27. Qxg5 f4 28. Rae1 Rf5 29. Qg4 Nf6 30. Qd1 Rh5 31. g4 Rh4 32. g5 Nh5 33. Ne4 Rf8 34. Bf3 Qd7 0-1

[Event "Titled Tuesday intern op 27th Jun Early"]
[Site "Chess.com INT"]
[Date "2023.06.27"]
[Round "4"]
[White "Kushko, Dmitriy"]
[Black "Skuhala, Jernej"]
[Result "0-1"]
[WhiteElo "2426"]
[BlackElo "2285"]
[PlyCount "60"]
[EventDate "2023.06.27"]
[EventType "swiss (blitz)"]
[EventRounds "11"]
[EventCountry "USA"]
[SourceTitle "EXT 2024"]
[Source "ChessBase"]
[SourceDate "2023.10.10"]
[SourceVersion "1"]
[SourceVersionDate "2023.10.10"]
[SourceQuality "1"]

1. Nf3 Nf6 2. g3 e6 3. Bg2 d5 4. 0-0 Be7 5. d3 c5 6. Bf4 Nc6 7. a4 b6 8. e4 Bb7 9. e5 Nd7 10. h4 Qc7 11. Qe2 h6 12. h5 0-0-0 13. Nc3 a6 14. Bh3 Kb8 15. Nxd5 Nd4 16. Nxd4 Bxd5 17. Nb3 g5 18. hxg6 fxg6 19. c4 Bb7 20. Bxe6 g5 21. Bd2 Nxe5 22. Bd5 Rxd5 23. cxd5 Bxd5 24. f4 Nc6 25. Bc3 Rg8 26. Nd2 gxf4 27. g4 f3 28. Nxf3 Rxg4+ 29. Kf2 Qg3+ 30. Ke3 Bg5# 0-1

[Event "AUT-chT2M 2223"]
[Site "Austria"]
[Date "2022.10.23"]
[Round "6.5"]
[White "Tadic, Branko"]
[Black "Skuhala, Jernej"]
[Result "1/2-1/2"]
[WhiteElo "2455"]
[BlackElo "2349"]
[PlyCount "60"]
[EventDate "2022.09.30"]
[EventType "team-tourn"]
[EventRounds "11"]
[EventCountry "AUT"]
[SourceTitle "EXT 2024"]
[Source "ChessBase"]
[SourceDate "2023.10.10"]
[SourceVersion "1"]
[SourceVersionDate "2023.10.10"]
[SourceQuality "1"]
[WhiteTeam "Pinggau Friedberg"]
[BlackTeam "Frauental"]
[WhiteTeamCountry "AUT"]
[BlackTeamCountry "AUT"]

1. Nf3 Nf6 2. g3 e6 3. Bg2 d5 4. 0-0 Be7 5. d3 c5 6. e4 Nc6 7. Bf4 Qb6 8. exd5 Nxd5 9. Bc1 Bf6 10. Nbd2 0-0 11. Re1 Qc7 12. c4 Nde7 13. Ne4 Bd4 14. Rb1 h6 15. Nxd4 Nxd4 16. Qh5 f5 17. Nc3 Nec6 18. Nb5 Qa5 19. b4 cxb4 20. Bxh6 Nxb5 21. cxb5 Qxb5 22. Bxc6 bxc6 23. Qg6 Rf7 24. Bxg7 Rxg7 25. Qe8+ Kh7 26. Qh5+ Kg8 27. Qe8+ Kh7 28. Qh5+ Kg8 29. Qe8+ Kh7 30. Qh5+ Kg8 1/2-1/2

[Event "Titled Tuesday intern op 18th Oct Early"]
[Site "Chess.com INT"]
[Date "2022.10.18"]
[Round "1"]
[White "Tsaruk, Maksim"]
[Black "Skuhala, Jernej"]
[Result "0-1"]
[WhiteElo "2373"]
[BlackElo "2349"]
[PlyCount "78"]
[EventDate "2022.10.18"]
[EventType "swiss (blitz)"]
[EventRounds "11"]
[EventCountry "USA"]
[SourceTitle "EXT 2024"]
[Source "ChessBase"]
[SourceDate "2023.10.10"]
[SourceVersion "1"]
[SourceVersionDate "2023.10.10"]
[SourceQuality "1"]

1. e4 c6 2. d4 d5 3. Nd2 dxe4 4. Nxe4 Bf5 5. Ng3 Bg6 6. Nh3 e6 7. Nf4 Bd6 8. h4 Qc7 9. Nxg6 hxg6 10. Ne4 Be7 11. g3 Nd7 12. Bf4 Qb6 13. b3 Ngf6 14. Nd6+ Bxd6 15. Bxd6 Ne4 16. Bf4 Qb4+ 17. Bd2 Qxd4 18. Be3 Qb4+ 19. Bd2 Nxd2 20. Qxd2 Qe4+ 21. Qe3 Qxh1 22. 0-0-0 Nf6 23. f3 Qh2 24. Qe5 0-0 25. Bd3 Qf2 26. g4 Rad8 27. h5 Nd5 28. hxg6 Qe3+ 29. Qxe3 Nxe3 30. Re1 Nd5 31. gxf7+ Kxf7 32. a3 Rh8 33. f4 Nxf4 34. Be4 Rh2 35. Rf1 g5 36. Kb2 Re2 37. Bf3 Re3 38. Bh1 Rd2 39. Kc1 Ree2 0-1

[Event "CRO-chT1B 30th"]
[Site "Porec"]
[Date "2022.09.30"]
[Round "7.12"]
[White "Drnovsek, Gal"]
[Black "Skuhala, Jernej"]
[Result "1-0"]
[WhiteElo "2393"]
[BlackElo "2349"]
[PlyCount "41"]
[EventDate "2022.09.24"]
[EventType "team-tourn"]
[EventRounds "9"]
[EventCountry "CRO"]
[SourceTitle "CBM 210 Extra"]
[Source "ChessBase"]
[SourceDate "2022.11.30"]
[SourceVersion "1"]
[SourceVersionDate "2022.11.30"]
[SourceQuality "1"]
[WhiteTeam "Rijeka Rijeka"]
[BlackTeam "Mihovljan Sloboda"]
[WhiteTeamCountry "CRO"]
[BlackTeamCountry "CRO"]

1. d4 Nf6 2. c4 e6 3. Nf3 d5 4. Nc3 Bb4 5. Qa4+ Nc6 6. e3 0-0 7. Bd2 Bd7 8. Qc2 dxc4 9. Bxc4 Qe7 10. 0-0 e5 11. d5 Nd8 12. e4 Bg4 13. Qd3 c6 14. Rfe1 b5 15. Bb3 a6 16. Bg5 Qd6 17. h3 Bd7 18. Bf4 Nxd5 19. Bxe5 Qg6 20. Bg3 Bc5 21. Ne5 1-0

[Event "CRO-chT1B 30th"]
[Site "Porec"]
[Date "2022.09.28"]
[Round "5.22"]
[White "Jovanovic, Zoran"]
[Black "Skuhala, Jernej"]
[Result "1-0"]
[WhiteElo "2519"]
[BlackElo "2349"]
[PlyCount "55"]
[EventDate "2022.09.24"]
[EventType "team-tourn"]
[EventRounds "9"]
[EventCountry "CRO"]
[SourceTitle "CBM 210 Extra"]
[Source "ChessBase"]
[SourceDate "2022.11.30"]
[SourceVersion "1"]
[SourceVersionDate "2022.11.30"]
[SourceQuality "1"]
[WhiteTeam "Zagreb Mladost"]
[BlackTeam "Mihovljan Sloboda"]
[WhiteTeamCountry "CRO"]
[BlackTeamCountry "CRO"]

1. e4 c6 2. Nf3 d5 3. d3 g6 4. Qe2 Bg7 5. g3 dxe4 6. dxe4 Bg4 7. Nbd2 Nd7 8. h3 Bxf3 9. Nxf3 e6 10. Bg2 Ne7 11. 0-0 0-0 12. Rd1 Qc7 13. Bf4 e5 14. Be3 Rfd8 15. a4 Nf8 16. h4 Ne6 17. c3 Rxd1+ 18. Rxd1 Rd8 19. Bh3 h6 20. Bxe6 fxe6 21. Rxd8+ Qxd8 22. Qc4 Kf7 23. Bxa7 Nc8 24. Bc5 Bf6 25. Kg2 Qd7 26. a5 Qc7 27. b4 Qd7 28. Qe2 1-0

[Event "CRO-chT1B 30th"]
[Site "Porec"]
[Date "2022.09.27"]
[Round "4.42"]
[White "Skuhala, Jernej"]
[Black "Licardo, Renato"]
[Result "1/2-1/2"]
[WhiteElo "2349"]
[BlackElo "2223"]
[PlyCount "104"]
[EventDate "2022.09.24"]
[EventType "team-tourn"]
[EventRounds "9"]
[EventCountry "CRO"]
[SourceTitle "CBM 210 Extra"]
[Source "ChessBase"]
[SourceDate "2022.11.30"]
[SourceVersion "1"]
[SourceVersionDate "2022.11.30"]
[SourceQuality "1"]
[WhiteTeam "Mihovljan Sloboda"]
[BlackTeam "Porec Gortan"]
[WhiteTeamCountry "CRO"]
[BlackTeamCountry "CRO"]

1. e4 c5 2. Nf3 d6 3. d4 cxd4 4. Nxd4 Nf6 5. Nc3 g6 6. Be3 Bg7 7. f3 0-0 8. Qd2 Nc6 9. Bc4 Bd7 10. 0-0-0 Rc8 11. Bb3 Ne5 12. Kb1 Nc4 13. Bxc4 Rxc4 14. g4 b5 15. b3 Rc8 16. Nd5 Nxd5 17. exd5 Qc7 18. h4 e5 19. dxe6 fxe6 20. h5 Qc3 21. hxg6 hxg6 22. Bh6 Qxd2 23. Rxd2 e5 24. Ne2 Bxh6 25. Rxh6 Kg7 26. g5 Rxf3 27. Nc1 Bf5 28. Rdh2 Rxc2 29. Rh7+ Kg8 30. Rh8+ Kf7 31. Rxc2 Ke6 32. Kb2 Bxc2 33. Kxc2 Rg3 34. Re8+ Kd5 35. Ne2 Rxg5 36. Nc3+ Kc6 37. Ne4 Rg2+ 38. Kd3 Rxa2 39. Re6 Rb2 40. Kc3 Re2 41. Nxd6 Re3+ 42. Kc2 Kc5 43. Rxg6 e4 44. Nc8 a5 45. Na7 a4 46. Rg5+ Kb6 47. Rxb5+ Kxa7 48. bxa4 Ka6 49. Kd2 Ra3 50. Rb4 Ka5 51. Rxe4 Rxa4 52. Rxa4+ Kxa4 1/2-1/2

[Event "CRO-chT1B 30th"]
[Site "Porec"]
[Date "2022.09.25"]
[Round "2.32"]
[White "Skuhala, Jernej"]
[Black "Maksimovic, Bojan"]
[Result "1/2-1/2"]
[WhiteElo "2349"]
[BlackElo "2468"]
[PlyCount "84"]
[EventDate "2022.09.24"]
[EventType "team-tourn"]
[EventRounds "9"]
[EventCountry "CRO"]
[SourceTitle "CBM 210 Extra"]
[Source "ChessBase"]
[SourceDate "2022.11.30"]
[SourceVersion "1"]
[SourceVersionDate "2022.11.30"]
[SourceQuality "1"]
[WhiteTeam "Mihovljan Sloboda"]
[BlackTeam "Sveta Nedelja"]
[WhiteTeamCountry "CRO"]
[BlackTeamCountry "CRO"]

1. e4 c5 2. Nf3 Nc6 3. Nc3 e5 4. Bc4 g6 5. d3 h6 6. Be3 d6 7. Nd2 Nf6 8. Nd5 Bg7 9. Nxf6+ Bxf6 10. c3 Bg7 11. a3 Rb8 12. b4 b6 13. Qb3 0-0 14. 0-0 Qe7 15. Bd5 Bd7 16. Nc4 b5 17. Nxd6 Qxd6 18. Bxc5 Qc7 19. Bxf8 Rxf8 20. a4 a6 21. axb5 axb5 22. Ra6 Ne7 23. c4 bxc4 24. Bxc4 Nc6 25. Rfa1 Nd4 26. Qa2 Be6 27. b5 Rb8 28. Ra8 Bf8 29. Rxb8 Qxb8 30. Qa7 Qd8 31. b6 Bxc4 32. dxc4 Bc5 33. Qa8 Bxb6 34. c5 Kg7 35. cxb6 Qxb6 36. Qd5 Qc7 37. g3 Ne6 38. Kg2 Qc3 39. Ra7 Ng5 40. Qd1 Qc6 41. Qd5 Qc3 42. Qd1 Qc6 1/2-1/2

[Event "Titled Tuesday intern op 06th Sep Early"]
[Site "Chess.com INT"]
[Date "2022.09.06"]
[Round "1"]
[White "Skuhala, Jernej"]
[Black "Ivanchuk, Vassily"]
[Result "0-1"]
[WhiteElo "2349"]
[BlackElo "2678"]
[PlyCount "94"]
[EventDate "2022.09.06"]
[EventType "swiss (blitz)"]
[EventRounds "11"]
[EventCountry "USA"]
[SourceTitle "EXT 2023"]
[Source "ChessBase"]
[SourceDate "2022.10.05"]
[SourceVersion "1"]
[SourceVersionDate "2022.10.05"]
[SourceQuality "1"]

1. e4 e5 2. Nf3 Nc6 3. Bb5 a6 4. Ba4 Nf6 5. d3 d6 6. 0-0 b5 7. Bb3 Na5 8. Nc3 Be7 9. Bg5 0-0 10. h3 h6 11. Bh4 c5 12. Bxf6 Bxf6 13. Bd5 Rb8 14. a3 Bd7 15. Ne2 Nc6 16. c3 Ne7 17. Ba2 Bc6 18. Nd2 d5 19. exd5 Nxd5 20. Ne4 Be7 21. d4 exd4 22. cxd4 c4 23. b3 cxb3 24. Bxb3 Qb6 25. Rc1 Rbd8 26. Qc2 Ba8 27. Rfd1 Bxa3 28. Ra1 Bb4 29. N2g3 Rfe8 30. Qd3 Bf8 31. Qd2 Nb4 32. f3 a5 33. Kh1 a4 34. Ba2 Nxa2 35. Qxa2 Rxd4 36. Rxd4 Qxd4 37. Rb1 Bd5 38. Qe2 Bc4 39. Qe1 Qe5 40. Qa5 a3 41. Re1 Qb8 42. Nf5 Kh8 43. Rc1 a2 44. Qc3 Qe5 45. Qxe5 Rxe5 46. Nd4 Ba3 47. Rd1 Rd5 0-1

[Event "CRO Topla Voda Cup"]
[Site "Tuhovec"]
[Date "2022.08.06"]
[Round "5.1"]
[White "Kutle, Silvije"]
[Black "Skuhala, Jernej"]
[Result "0-1"]
[WhiteElo "1832"]
[BlackElo "2381"]
[PlyCount "66"]
[EventDate "2022.08.06"]
[EventType "team-tourn (blitz)"]
[EventRounds "11"]
[EventCountry "CRO"]
[SourceTitle "CBM 209 Extra"]
[Source "ChessBase"]
[SourceDate "2022.09.30"]
[SourceVersion "1"]
[SourceVersionDate "2022.09.30"]
[SourceQuality "1"]
[WhiteTeam "Ludbreg"]
[BlackTeam "Mihovljan Sloboda"]
[WhiteTeamCountry "CRO"]
[BlackTeamCountry "CRO"]

1. e4 c6 2. d4 d5 3. Nc3 dxe4 4. Nxe4 Nf6 5. f3 Bf5 6. Ng3 Bg6 7. c3 Nbd7 8. Bd3 Bxd3 9. Qxd3 g6 10. N1e2 Bg7 11. h4 e5 12. Bg5 h6 13. Bd2 h5 14. 0-0-0 Qa5 15. Kb1 0-0-0 16. Bg5 Qc7 17. Qc4 Nb6 18. Qb3 exd4 19. Nxd4 Qxg3 20. Qxf7 Rd7 21. Qxg6 Nfd5 22. Rhe1 Bxd4 23. cxd4 Nc4 24. Re2 Qd6 25. Qd3 Qb4 26. a3 Qb5 27. Rc2 Nd6 28. Qg6 Nc4 29. Qd3 Nd6 30. Qg6 Qb3 31. Rd3 Qa4 32. Qe6 Nc7 33. d5 Nxe6 0-1

[Event "CRO Topla Voda Cup"]
[Site "Tuhovec"]
[Date "2022.08.06"]
[Round "8.1"]
[White "Skuhala, Jernej"]
[Black "Lisjak, Zlatko"]
[Result "1-0"]
[WhiteElo "2381"]
[BlackElo "2025"]
[PlyCount "75"]
[EventDate "2022.08.06"]
[EventType "team-tourn (blitz)"]
[EventRounds "11"]
[EventCountry "CRO"]
[SourceTitle "CBM 209 Extra"]
[Source "ChessBase"]
[SourceDate "2022.09.30"]
[SourceVersion "1"]
[SourceVersionDate "2022.09.30"]
[SourceQuality "1"]
[WhiteTeam "Mihovljan Sloboda"]
[BlackTeam "Varazdin"]
[WhiteTeamCountry "CRO"]
[BlackTeamCountry "CRO"]

1. e4 d6 2. d4 Nf6 3. Nc3 c6 4. a4 a5 5. f3 Qb6 6. Nge2 g6 7. Be3 d5 8. exd5 Nxd5 9. Nxd5 cxd5 10. Nc3 Be6 11. Nb5 Na6 12. Qd2 Rc8 13. c4 Nb4 14. c5 Qd8 15. Rc1 h5 16. Be2 h4 17. 0-0 h3 18. g3 Bg7 19. Rfd1 Qd7 20. Rc3 Qd8 21. Rb3 Bf5 22. Rxb4 axb4 23. Qxb4 b6 24. Na7 bxc5 25. dxc5 Rc7 26. Bb5+ Kf8 27. Nc6 Qa8 28. Nd4 Bc8 29. c6 Kg8 30. f4 Bg4 31. Re1 e5 32. fxe5 Bxe5 33. Bf2 Bf6 34. Qd6 Bd8 35. Qf4 Bf5 36. Nxf5 gxf5 37. Re8+ Kg7 38. Bd4+ 1-0

[Event "CRO Topla Voda Cup"]
[Site "Tuhovec"]
[Date "2022.08.06"]
[Round "1.1"]
[White "Tica, Sven"]
[Black "Skuhala, Jernej"]
[Result "0-1"]
[WhiteElo "2350"]
[BlackElo "2381"]
[PlyCount "108"]
[EventDate "2022.08.06"]
[EventType "team-tourn (blitz)"]
[EventRounds "11"]
[EventCountry "CRO"]
[SourceTitle "CBM 209 Extra"]
[Source "ChessBase"]
[SourceDate "2022.09.30"]
[SourceVersion "1"]
[SourceVersionDate "2022.09.30"]
[SourceQuality "1"]
[WhiteTeam "Novi Zagreb"]
[BlackTeam "Mihovljan Sloboda"]
[WhiteTeamCountry "CRO"]
[BlackTeamCountry "CRO"]

1. d4 Nf6 2. Nc3 d5 3. Bf4 e6 4. Nb5 Bd6 5. Nxd6+ cxd6 6. c3 Nc6 7. e3 0-0 8. Nf3 Re8 9. Be2 h6 10. h3 Ne4 11. 0-0 Qb6 12. Qb3 Na5 13. Qb5 Rd8 14. Rfd1 Bd7 15. Qxb6 axb6 16. Nd2 Nxd2 17. Rxd2 Nb3 18. Rdd1 Nxa1 19. Rxa1 Bc6 20. a3 f6 21. Rd1 Kf7 22. g4 Ke7 23. Kg2 Be8 24. Bg3 Bf7 25. Bd3 h5 26. f3 Rh8 27. Be2 Rh7 28. Rc1 Rc8 29. Bd3 g6 30. Be2 e5 31. Rf1 g5 32. Bd3 Rhh8 33. f4 gxf4 34. exf4 e4 35. Be2 hxg4 36. hxg4 Be6 37. f5 Bd7 38. Re1 Rcg8 39. Bd1 Rg7 40. Kf2 Rhg8 41. Bf4 Rxg4 42. Bxg4 Rxg4 43. Ke3 Bxf5 44. Rh1 Rg8 45. Rh5 Ke6 46. c4 Bg6 47. Rxd5 Rd8 48. Rb5 Rh8 49. Rxb6 Rh3+ 50. Ke2 Bh5+ 51. Ke1 e3 52. Rxd6+ Ke7 53. Bxe3 Rxe3+ 54. Kd2 Re2+ 0-1

[Event "SLO-ch 32nd"]
[Site "Radenci"]
[Date "2022.07.06"]
[Round "5"]
[White "Skuhala, Jernej"]
[Black "Plaskan, Jure"]
[Result "0-1"]
[WhiteElo "2378"]
[BlackElo "2189"]
[PlyCount "110"]
[EventDate "2022.07.03"]
[EventType "swiss"]
[EventRounds "9"]
[EventCountry "SLO"]
[SourceTitle "EXT 2023"]
[Source "ChessBase"]
[SourceDate "2022.10.05"]
[SourceVersion "1"]
[SourceVersionDate "2022.10.05"]
[SourceQuality "1"]

1. e4 c5 2. Nf3 e6 3. d4 cxd4 4. Nxd4 a6 5. Bd3 Nf6 6. 0-0 e5 7. Nb3 d6 8. c4 Be7 9. Nc3 Be6 10. f3 Nc6 11. Be3 Nd7 12. Nd5 Bxd5 13. cxd5 Nb4 14. Be2 a5 15. Qd2 0-0 16. a3 Na6 17. Qxa5 Bg5 18. Bxg5 Qxg5 19. Qd2 Qd8 20. Qe3 Nac5 21. Nxc5 Nxc5 22. b4 Na4 23. Bb5 Nc3 24. Bd3 Qd7 25. Rfc1 Rfc8 26. Qb6 Rc7 27. a4 Rac8 28. Rc2 h5 29. a5 Qd8 30. Rac1 Kh7 31. Qe3 Qd7 32. Qd2 Qa4 33. b5 Qxa5 34. Kf1 Qa3 35. h4 g6 36. Kf2 Qb4 37. Kg1 Qd4+ 38. Kh2 Nxb5 39. Rxc7 Rxc7 40. Bxb5 Qxd2 41. Rxc7 Qf4+ 42. Kh1 Qxh4+ 43. Kg1 Kh6 44. Rxf7 b6 45. Be8 Qd8 46. Bc6 Kg5 47. Rd7 Qf8 48. Kf2 h4 49. Bb5 Qc8 50. Bc6 Qf8 51. Bb5 Qf4 52. Rxd6 Qd2+ 53. Kg1 Qc1+ 54. Kh2 Qc5 55. f4+ exf4 0-1